PLANT DISEASES (Record no. 5172)

MARC details
000 -LEADER
fixed length control field 00376nam a22001697a 4500
005 - DATE AND TIME OF LATEST TRANSACTION
control field 20160903150543.0
008 - FIXED-LENGTH DATA ELEMENTS--GENERAL INFORMATION
fixed length control field 160903b xxu||||| |||| 00| 0 eng d
020 ## - INTERNATIONAL STANDARD BOOK NUMBER
ISBN 978-81-204-1746-5
041 ## - LANGUAGE CODE
Language code of text/sound track or separate title eng
082 ## - DEWEY DECIMAL CLASSIFICATION NUMBER
Item number 20937
100 ## - MAIN ENTRY--AUTHOR NAME
Personal name SINGH,R.S
245 ## - TITLE STATEMENT
Title PLANT DISEASES
260 ## - PUBLICATION, DISTRIBUTION, ETC. (IMPRINT)
Name of publisher OXFORD
Year of publication 2015
300 ## - PHYSICAL DESCRIPTION
Number of Pages 691
650 ## - SUBJECT ADDED ENTRY--TOPICAL TERM
Topical Term AGRICULTURE
942 ## - ADDED ENTRY ELEMENTS (KOHA)
Koha item type Books
Holdings
Lost status Damaged status Collection code Home library Current library Shelving location Date acquired Source of acquisition Cost, normal purchase price Full call number Accession Number Koha item type Copy number
    Reference JRU Library JRU Library SHELF-2-B 03/09/2016 PURCHASE 575.00 632 20937 Books  
    AGRICULTURE JRU Library JRU Library SHELF-46-G 03/09/2016 PURCHASE 575.00 20937 20938 Books 3
    AGRICULTURE JRU Library JRU Library SHELF-46-G 03/09/2016 PURCHASE 575.00 20937 20939 Books 3